Statistics for Last ten years of F1 Champions (2005-2015)

Click here to take the quiz!

General Stats

  • This quiz has been taken 152 times
    (134 since last reset)
  • The average score is 11 of 11

Answer Stats

HintAnswer% Correct
2008Lewis Hamilton
99%
2014Lewis Hamilton
99%
2015Lewis Hamilton
99%
2010Sebastian Vettel
97%
2011Sebastian Vettel
97%
2012Sebastian Vettel
97%
2013Sebastian Vettel
97%
2005Fernando Alonso
95%
2006Fernando Alonso
95%
2009Jenson Button
94%
2007Kimi Raikkonen
94%

Score Distribution

Percentile by Number Answered

Percent of People with Each Score

Your Score History

You have not taken this quiz since the last reset